| 000 | 00921nam a22003017a 4500 | ||
|---|---|---|---|
| 003 | CHAP | ||
| 005 | 20220329135046.0 | ||
| 008 | 971013s1978 r 00010 d | ||
| 010 | _a30269 | ||
| 011 | _a31241 | ||
| 035 | _a35353 | ||
| 040 | _cCHAP | ||
| 082 |
_a001.61 _bM3 |
||
| 100 | 0 | 0 |
_aMaly, Kurt. _970219 |
| 245 | _aFundamentals of the computing sciences | ||
| 260 |
_aEnglewood Cliffs, N.J. : _bPrentice-Hall, _c1978 |
||
| 300 |
_a488 p. _b: ilus |
||
| 590 |
_aBATCH-UPD _b10 _c20130109 _lUCH01 _h2330 |
||
| 590 |
_aBATCH-UPD _b10 _c20130110 _lUCH01 _h2109 |
||
| 590 |
_aBATCH-UPD _b10 _c20130410 _lUCH01 _h1420 |
||
| 590 |
_aBATCH-UPD _b10 _c20130914 _lUCH01 _h1022 |
||
| 590 |
_aCONVERSION _b10 _c20130109 _lUCH01 _h1317 |
||
| 650 | 1 | 4 |
_aComputación. _926122 |
| 700 | 0 |
_aHanson, Allen R. _952588 |
|
| 901 | _aBK | ||
| 942 | _cLIBRO | ||
| 949 |
_a001.61 M3 _bBC _cLIBRO _d33724000285342 _eLIBRO _h55509 _i35353 _si _t864.00 |
||
| 999 |
_c30269 _d30269 |
||